The middle of the journey / (Record no. 17784)
[ view plain ]
| 000 -LEADER | |
|---|---|
| fixed length control field | 00619nam a2200229 a 4500 |
| 001 - CONTROL NUMBER | |
| control field | 17784 |
| 003 - CONTROL NUMBER IDENTIFIER | |
| rucl marc code | BD-RjUL |
| 005 - DATE AND TIME OF LATEST TRANSACTION | |
| control field | 20211209000207.0 |
| 008 - FIXED-LENGTH DATA ELEMENTS--GENERAL INFORMATION | |
| fixed length control field | 140219m19571947nyu 000 1 eng d |
| 035 ## - SYSTEM CONTROL NUMBER | |
| System control number | (BD-RjUL)17842 |
| 040 ## - CATALOGING SOURCE | |
| Original cataloging agency | ANL |
| Language of cataloging | eng |
| Transcribing agency | ANL |
| Modifying agency | BD-RjUL |
| 041 ## - LANGUAGE CODE | |
| Language code of text/sound track or separate title | eng |
| 082 04 - DEWEY DECIMAL CLASSIFICATION NUMBER | |
| Classification number | 813.52 |
| Edition number | 20 |
| Author mark and year | TRM 1957 |
| 100 1# - MAIN ENTRY--PERSONAL NAME | |
| Personal name | Trilling, Lionel, |
| Dates associated with a name | 1905-1975. |
| 9 (RLIN) | 54870 |
| 245 14 - TITLE STATEMENT | |
| Title | The middle of the journey / |
| Statement of responsibility, etc. | Lionel Trilling, |
| 260 ## - PUBLICATION, DISTRIBUTION, ETC. (IMPRINT) | |
| Place of publication, distribution, etc. | New York : |
| Name of publisher, distributor, etc. | Doubleday Anchor, |
| Date of publication, distribution, etc. | c1947, 1957 |
| 300 ## - PHYSICAL DESCRIPTION | |
| Pagination | 350 p. : |
| Size | 19 cm. |
| 650 ## - SUBJECT ADDED ENTRY--TOPICAL TERM | |
| Topical term or geographic name as entry element | Fiction |
| 9 (RLIN) | 54871 |
| 942 ## - ADDED ENTRY ELEMENTS (KOHA) | |
| Source of classification or shelving scheme | Dewey Decimal Classification |
| Koha item type | Books |
| Lost status | Source of classification or shelving scheme | Damaged status | Not for loan | Collection code | Permanent Location | Current Location | Shelving location | Date acquired | Source of acquisition | Cost, normal purchase price | Total Checkouts | Full call number | Date last seen | Copy number | Koha item type |
|---|---|---|---|---|---|---|---|---|---|---|---|---|---|---|---|
| Dewey Decimal Classification | Not For Loan | Fiction | Central Library, University of Rajshahi | Central Library, University of Rajshahi | Reading Room | 06/04/1964 | Zeitlinger | 8.00 | 813.52 TRM 1957 | 19/02/2014 | C-1 | Books |